LEADER 01458nam a2200277 a 4500 001 000000130692 003 CaOOAMICUS 005 20121004135310.0 008 121004s2011 it u000 u ita r 040 $aPUL$bita 082 04$a230 110 2 $aUnione Apostolica del Clero. Federazione italiana.$bConvegno nazionale$n(22 :$d2011 :$cCiampino).$0(OLS)http://pul/name/83748 245 10$aMinistri ordinati per una chiesa mistero e comunione :$batti del XXII convegno nazionale, Istituto Madonna del Carmine, Ciampino (Rm), loc. Sassone, 14-17 novembre 2011. 260 $aRoma :$bUnione Apostolica del Clero,$c2011. 300 $a63 p. ;$c21 cm 500 $aIn testa al front.: Unione Apostolica del Clero. Federazione italiana. 504 $aBibliografia in nota. 650 4$aSpiritualitą$vCongressi.$0(OLS)http://pul/subject/28104 650 4$aComunione (teologia).$0(OLS)http://pul/subject/20537 850 $aPUL 852 $aPUL$W1$xDP2 Religione 3$y114$m230 UAC 1$j151112$qDDC 21$B149827$CPULBib$Z2$F149827 $H120958 $82 941 1 $a9 996 $6082$a230$9(OLS)http://pul/classification/368 996 $6245$aMinistri ordinati per una chiesa mistero e comunione :$batti del XXII convegno nazionale, Istituto Madonna del Carmine, Ciampino (Rm), loc. Sassone, 14-17 novembre 2011$9(OLS)http://pul/title/165157 996 $6260$aRoma :$bUnione Apostolica del Clero$9(OLS)http://pul/publisher/82118 LEADER 01131nam a2200277 u 4500 001 000000086442 003 CaOOAMICUS 005 20070226124311.0 008 050929s2003 enk u000 u eng u 020 $a0-521-79381-5 035 $a11060780 040 $aPUL$bita 245 00$aAlasdair MacIntyre /$cedited by Mark C. Murphy. 260 $aCambridge :$bCambridge University Press,$cc2003. 300 $axii, 224 p. ;$c23 cm 490 1 $aContemporary philosophy in focus 504 $a"Bibliography": p. 201-219. 600 14$aMacIntyre, Alasdair,$d1929-$0(OLS)http://pul/subject/19627 700 1 $aMurphy, Mark C.$0(OLS)http://pul/name/56555 830 0$aContemporary philosophy in focus.$0(OLS)http://pul/title/112016 850 $aPUL 852 $aPUL$W1$xSL Filosofia 3$y81$m170 MURMA 1$j109774$nBK-PRI$b $qDDC 21$B109774$CPULBib$Z2$F109774 $HPUL99448 $81 941 1 $a9 996 $6020$a0-521-79381-5$9(OLS)http://pul/number/114078 996 $6245$aAlasdair MacIntyre$9(OLS)http://pul/title/112015 996 $6260$aCambridge :$bCambridge University Press$9(OLS)http://pul/publisher/50125